000 03330cam a22005054i 4500
003 PE-LiUPU
005 20250731173433.0
008 150706s2013 flua r 000 0 spa d
020 _a9780829764789
035 _a(Sirsi) i9780829764789
040 _aPE-LiUPU
_bspa
_cPE-LiUPU
_erda
049 _aPRUA
082 0 4 _a259.23
_bY76
_221
100 1 _aYaconelli, Mike,
_eautor.
245 1 0 _aDilemas que enseñan /
_cMike Yaconelli.
264 1 _aMiami, Florida :
_bVida,
_c2013.
300 _a150 páginas :
_bilustraciones ;
_c23 centímetros
336 _atext
_2rdacontent
337 _aunmediated
_2rdamedia
338 _avolume
_2rdacarrier
500 _aTitulo original: Keep'em talking: real life dilemmas that teach
505 0 _aSexualidad -- Prueba de embarazo -- Cuando la experiencia importa -- El miedo al sexo -- Fracaso anticonceptivo -- Infidelidad en la iglesia -- El terrible secreto de Johanna -- Dilema de violación en una cita -- El sexo débil -- La solución sexual -- Padres proféticos -- A solas en casa -- Sin secretos . casi -- Sexualidad en espera -- La isla de la infidelidad -- Padres y familia -- Crueldad mental -- Padres tipo correa -- Promesas desalentadoras -- El diario -- Hermana injusta -- Hombre mayor, chica joven -- ¿Honrar a tu familia? -- La problemática cita doble -- El gimnasio de los padres -- Padres indecisos -- Tiempo de decidir -- No hay escuela para el dinero -- Invitados del fin de semana -- Castigado sin razón -- Traicionar a mamá -- El divorcio apesta -- Brujastra -- Abuso de macho -- Sin drama en su drama -- Decirle adiós a la iglesia -- Sida injusto -- Espiritualidad personal -- Algo falta -- ¿Dónde está Dios? -- Oración sin salida -- Lenguaje extraño -- Dios ausente -- Un santo diferente -- Preguntas en sillas de ruedas -- Verdad y engaño -- Dios es un fraude -- El aborto secreto -- ¿Para qué son los amigos? -- Ofertas robadas -- Tienes que hacer lo que tienes que hacer -- Reembolso del salario mínimo -- Ser un buen testigo -- Pobreza -- Jesús el estafador -- La pobreza es horrible . por un tiempo -- Ministrar a los pobres . ¡Qué difícil! -Racismo -- Análisis sobre la realidad del racismo -- La hija hace la diferencia -- Muerte -- La muerte no es agradable -- El misterio de Alana -- . Y más -- Mujer feroz -- Traficantes de drogas de clase media -- Solo hay que temerle al miedo mismo.
526 _aSEG42
526 _aSEG41
526 _aSEG40
526 _aSEG39
526 _aP94
526 _aP87
526 _aP86
526 _aP85
526 _aP77
526 _aP76
526 _aP35
541 _g001-0000702;
650 0 4 _aAdolescentes
_xConducta de vida.
650 0 4 _aVida cristiana.
700 1 _aObando, Esteban,
_etraductor.
700 1 _aDíaz, Madeline,
_eeditor.
910 _agl
_clch
_d20131113
942 _2ddc
_cBOOK
949 _a259.23 Y76
_wDEWEY
_c1
_i68464
_lCCODEBUL1
_mBUL
_p13.00
_r0
_sY
_tBOOK
_u2015-7-6
_xTEOLOGIA
_PP35
_o.STAFF. Colección General
994 _aC0
_bPEPRU
596 _a1
999 _a259.23 Y76
_wDEWEY
_c55847
_i68464
_d55847
_e2017-1-19
_f2021-11-10
_g5
_lCCODEBUL1
_mBUL
_n2
_p13.00
_q2
_r0
_sY
_tBOOK
_u2015-7-6
_xTEOLOGIA
_PP35
_0COMPRA
_o.STAFF. Colección Teología
980 _81
_gALBERTO SANCHEZ Responsable de Automatización